000 01047nam a22002537a 4500
005 20170124103115.0
010 _aB-195464
020 _c00.00
_a8172161506
035 _aB-195464
037 _bCen Lib/Ret
040 _aDPL
_bHN
082 _a613
_bअनिल
100 _aअनिल कुमार
_980468
245 _aस्वास्थ्य विज्ञान /
_cअनिल कुमार
246 _aSawsthay vigyan /
_bby Anil Kumar
260 _aनयी दिल्ली
_bफ्रेंड्स पब्लिकेशन्स
_c2006
270 _a101, 4787/23, अंसारी रेड, दरियागंज
_bनयी दिल्ली
_e110002
300 _a210पृ.
_c21सेमी (सजिल्द)
650 _aचिकित्सा विज्ञान।
_91199
650 _aसवास्थ्य शिक्षा
_91483
650 _aMedical sciences.
_91928
650 _aHealth education
_97783
942 _2ddc
_cHN
_h613
_mअनिल
999 _c118494
_d118494